000 02003nam a22002537a 4500
001 9206
003 FISKH
005 20251202081944.0
008 251202b cb ||||| |||| 00| 0 eng d
040 _aFISKH
_bkhr
_cFISKH
_dFISKH
082 _a813.52
100 _aSovanphum Organization
245 _aទំពាំងផុតដី ​( សិទ្ធិកុមារ ) /
_cផលិតដោយ អង្កការសុវណ្ណភូមិ
260 _aភ្នំពេញ ​:
_bរោងពុម្ព ពន្លឺពេជ្រ ,
_c២០០៩​ .
300 _a26 pages :
_bcolor illustrations ;
_c29 cm .
505 _aR
520 _aអ្នកនិពន្ធតាក់តែងរឿងនេះឡើង ដោយផ្អែកលើតថភាពមួយចំនួនក្នុងសង្គម ដើម្បីរំលឹកមាតាបិតា ឬ អាណាព្យាបាលអោយយកចិត្តទុកដាក់ ជួយទំនុកបំរុង ផ្គត់ផ្គង់ និងផ្តល់ការកំសាន្តខ្លះដល់កុមារ ដើម្បីអោយកុមារលូតលាស់ ផ្នែករាងកាយ បញ្ញានិងស្មារតី ហហើយអោយពួកគេក្លាយទៅជាមាតាបិតា ឬ អាណាព្យាបាលសម្រាប់យុវវ័យជំនាន់ក្រោយ ។
520 _aThe author created this story based on certain social realities in order to remind parents or guardians to be attentive, to nurture, provide for, and offer some enjoyment to children, so that they can grow physically, intellectually, and emotionally, and eventually become parents or guardians for the next generation.
521 8 _a700
_bLexile estimate
521 8 _aR
_bRaz-Plus
700 _aRatanak , Srey
_eIllustrator
942 _2ddc
_cKHB
_n0
999 _c9206
_d9206